[Event "Ricany op"]
[Site "Ricany"]
[Date "2015.08.24"]
[Round "4"]
[White "Chromovsky, Hynek"]
[Black "Tejkal, Jiri"]
[Result "0-1"]
[WhiteElo "1768"]
[BlackElo "1909"]
[PlyCount "60"]
[EventDate "2015.08.22"]
[EventType "swiss"]
[EventRounds "9"]
[EventCountry "CZE"]
[SourceTitle "EXT 2023"]
[Source "ChessBase"]
[SourceDate "2022.10.05"]
[SourceVersion "1"]
[SourceVersionDate "2022.10.05"]
[SourceQuality "1"]

1. c4 Nf6 2. Nc3 c6 3. d4 d5 4. cxd5 cxd5 5. Bf4 a6 6. Nf3 Nc6 7. e3 e6 8. Be2 Be7 9. 0-0 0-0 10. Ne5 Nxe5 11. Bxe5 b5 12. Bd3 Bb7 13. Ne2 Rc8 14. f4 Ne4 15. f5 f6 16. Bf4 exf5 17. Ng3 g6 18. Bh6 Rf7 19. Rxf5 gxf5 20. Nxf5 Kh8 21. Qh5 Qg8 22. Nh4 f5 23. Bf4 Bxh4 24. Qxh4 Qg6 25. g3 Qg4 26. Be5+ Kg8 27. Qxg4+ fxg4 28. Be2 h5 29. Bd3 Rfc7 30. Rb1 Nd2 0-1

[Event "Ricany op"]
[Site "Ricany"]
[Date "2015.08.23"]
[Round "3"]
[White "Macho, Miloslav"]
[Black "Chromovsky, Hynek"]
[Result "0-1"]
[WhiteElo "1922"]
[BlackElo "1768"]
[PlyCount "58"]
[EventDate "2015.08.22"]
[EventType "swiss"]
[EventRounds "9"]
[EventCountry "CZE"]
[SourceTitle "EXT 2023"]
[Source "ChessBase"]
[SourceDate "2022.10.05"]
[SourceVersion "1"]
[SourceVersionDate "2022.10.05"]
[SourceQuality "1"]

1. e4 c5 2. Nf3 e6 3. d4 cxd4 4. Nxd4 a6 5. Be2 Qc7 6. 0-0 Nf6 7. Bf3 Nc6 8. Nxc6 bxc6 9. Re1 d5 10. exd5 cxd5 11. Bxd5 Nxd5 12. Qxd5 Bb7 13. Qh5 0-0-0 14. Be3 Rd5 15. Qe2 Bd6 16. g3 h5 17. Nd2 Kb8 18. Nc4 f6 19. Nxd6 Qxd6 20. Rad1 h4 21. f3 hxg3 22. hxg3 Qxg3+ 23. Qg2 Qh4 24. Bf2 Qh5 25. Bg3+ Ka8 26. Rxd5 Bxd5 27. Re3 Qf5 28. Ra3 Bc4 29. b3 Qc5+ 0-1

[Event "Ricany op-A"]
[Site "Ricany"]
[Date "2014.08.29"]
[Round "8"]
[White "Helebrand, Frantisek"]
[Black "Chromovsky, Hynek"]
[Result "1-0"]
[WhiteElo "1546"]
[BlackElo "1815"]
[PlyCount "77"]
[EventDate "2014.08.23"]
[EventType "swiss"]
[EventRounds "9"]
[EventCountry "CZE"]
[SourceTitle "EXT 2015"]
[Source "ChessBase"]
[SourceDate "2014.11.20"]
[SourceVersion "1"]
[SourceVersionDate "2014.11.20"]
[SourceQuality "1"]

1. d4 Nf6 2. c4 d5 3. Nc3 c6 4. Nf3 g6 5. Bg5 Bg7 6. e3 dxc4 7. Bxc4 Nbd7 8. 0-0 0-0 9. Qc2 Nb6 10. Bb3 Bf5 11. Qe2 Ne4 12. Nxe4 Bxe4 13. Nd2 Bd5 14. Bxd5 Qxd5 15. Nf3 e6 16. Rfc1 f6 17. Bf4 Qd7 18. Rd1 Rae8 19. Qc2 Qe7 20. a3 e5 21. dxe5 fxe5 22. Bg3 Qe6 23. Bh4 h6 24. Bg3 Rf5 25. Nh4 Rg5 26. Nf3 Rg4 27. b3 Kh7 28. h3 Rxg3 29. fxg3 Nd5 30. Qd2 e4 31. Nd4 Qd6 32. Rac1 Qxg3 33. Re1 Be5 34. Qf2 Qh2+ 35. Kf1 Kg7 36. Qg1 Rf8+ 37. Ke2 Qg3 38. Ne6+ Kg8 39. Nxf8 1-0

[Event "Ricany op-A"]
[Site "Ricany"]
[Date "2014.08.25"]
[Round "4"]
[White "Chromovsky, Hynek"]
[Black "Kalvach, Ladislav"]
[Result "1-0"]
[WhiteElo "1815"]
[BlackElo "1924"]
[PlyCount "81"]
[EventDate "2014.08.23"]
[EventType "swiss"]
[EventRounds "9"]
[EventCountry "CZE"]
[SourceTitle "EXT 2015"]
[Source "ChessBase"]
[SourceDate "2014.11.20"]
[SourceVersion "1"]
[SourceVersionDate "2014.11.20"]
[SourceQuality "1"]

1. c4 e5 2. Nc3 Nf6 3. e3 d5 4. cxd5 Nxd5 5. g3 Be6 6. Bg2 Nc6 7. Nge2 Be7 8. a3 0-0 9. 0-0 Qd7 10. d4 Rad8 11. Nxd5 Bxd5 12. e4 Bc4 13. d5 Nd4 14. Re1 Nxe2+ 15. Rxe2 Bxe2 16. Qxe2 Bc5 17. b4 Bd4 18. Bb2 Bxb2 19. Qxb2 Rfe8 20. Rc1 c6 21. Rc5 cxd5 22. Rxd5 Qc7 23. h3 Re6 24. Rc5 Qb8 25. Bf3 b6 26. Rd5 Rxd5 27. exd5 Re8 28. Bd1 Qc7 29. Ba4 Re7 30. Bc6 Qd6 31. b5 e4 32. Qb4 Qf6 33. d6 Re5 34. Qd4 e3 35. fxe3 Qg5 36. d7 Qxg3+ 37. Bg2 h5 38. d8Q+ Kh7 39. Q8h4 Qxe3+ 40. Qxe3 Rxe3 41. Be4+ 1-0

[Event "Ricany op-A"]
[Site "Ricany"]
[Date "2014.08.24"]
[Round "3"]
[White "Benes, Karel"]
[Black "Chromovsky, Hynek"]
[Result "0-1"]
[WhiteElo "1669"]
[BlackElo "1815"]
[PlyCount "72"]
[EventDate "2014.08.23"]
[EventType "swiss"]
[EventRounds "9"]
[EventCountry "CZE"]
[SourceTitle "EXT 2015"]
[Source "ChessBase"]
[SourceDate "2014.11.20"]
[SourceVersion "1"]
[SourceVersionDate "2014.11.20"]
[SourceQuality "1"]

1. e4 c5 2. Nf3 e6 3. Nc3 Nc6 4. d4 cxd4 5. Nxd4 a6 6. Be3 Nge7 7. g4 g6 8. Qd2 Bg7 9. 0-0-0 d5 10. Kb1 Qa5 11. f3 0-0 12. h4 Nxd4 13. Bxd4 e5 14. Bf2 d4 15. Nd5 Qd8 16. Nxe7+ Qxe7 17. g5 Be6 18. h5 Rfc8 19. Bd3 Rc6 20. f4 exf4 21. Qxf4 Rac8 22. e5 Bxe5 23. Qh4 Qc5 24. a3 Rb6 25. hxg6 hxg6 26. Rde1 Bg7 27. Re4 Qxa3 28. Kc1 Qxb2+ 29. Kd2 Rxc2+ 30. Bxc2 Qc3+ 31. Kd1 d3 32. Bxb6 Qxc2+ 33. Ke1 d2+ 34. Kf2 d1Q+ 35. Kg3 Qc3+ 36. Re3 Be5+ 0-1

[Event "Ricany op-A"]
[Site "Ricany"]
[Date "2014.08.24"]
[Round "2"]
[White "Chromovsky, Hynek"]
[Black "Petras, Milan"]
[Result "0-1"]
[WhiteElo "1815"]
[BlackElo "2046"]
[PlyCount "74"]
[EventDate "2014.08.23"]
[EventType "swiss"]
[EventRounds "9"]
[EventCountry "CZE"]
[SourceTitle "EXT 2015"]
[Source "ChessBase"]
[SourceDate "2014.11.20"]
[SourceVersion "1"]
[SourceVersionDate "2014.11.20"]
[SourceQuality "1"]

1. c4 Nf6 2. Nc3 g6 3. g3 Bg7 4. Bg2 0-0 5. e3 e5 6. Nge2 d6 7. 0-0 Nc6 8. d4 Re8 9. d5 Ne7 10. b4 a5 11. b5 Nd7 12. e4 f5 13. f4 exf4 14. Rxf4 Ne5 15. Qb3 Nd3 16. Be3 Nxf4 17. Nxf4 fxe4 18. Rd1 Nf5 19. Nxe4 Nxe3 20. Qxe3 Be5 21. Nd3 Qe7 22. Ng5 Qg7 23. Nf4 Bg4 24. Nfe6 Bxe6 25. Nxe6 Qd7 26. Bh3 Re7 27. Qh6 Qe8 28. Rf1 Bg7 29. Qh4 Kh8 30. Ng5 h6 31. Be6 Rxe6 32. Nxe6 g5 33. Qg4 Qe7 34. h4 gxh4 35. Qg6 Rg8 36. Rf7 Bd4+ 37. Nxd4 Qe3+ 0-1

[Event "Ricany op"]
[Site "Ricany"]
[Date "2009.08.25"]
[Round "5"]
[White "Maly, Filip"]
[Black "Chromovsky, Hynek"]
[Result "1-0"]
[WhiteElo "1986"]
[BlackElo "1802"]
[PlyCount "53"]
[EventDate "2009.08.22"]
[EventType "swiss"]
[EventRounds "9"]
[EventCountry "CZE"]
[SourceTitle "CBM 131 Extra"]
[Source "ChessBase"]
[SourceDate "2009.09.03"]
[SourceVersion "2"]
[SourceVersionDate "2009.09.16"]
[SourceQuality "1"]

1. e4 c5 2. Nf3 e6 3. d4 cxd4 4. Nxd4 a6 5. c4 Nc6 6. Nc3 Qc7 7. Be2 Nf6 8. 0-0 Be7 9. Kh1 d6 10. f4 Nxd4 11. Qxd4 h5 12. Be3 Qc5 13. Qd3 Qc7 14. Rac1 Bd7 15. b4 Rc8 16. a4 Ng4 17. Bg1 g5 18. g3 gxf4 19. gxf4 Bf8 20. Bd4 Rg8 21. h3 Qd8 22. hxg4 Qh4+ 23. Kg2 e5 24. Bf2 Qd8 25. f5 Bh6 26. Rcd1 Bf4 27. Rh1 1-0

[Event "Ricany op-A"]
[Site "Ricany"]
[Date "2008.08.24"]
[Round "3"]
[White "Chromovsky, Hynek"]
[Black "Hronik, Petr"]
[Result "1/2-1/2"]
[WhiteElo "1804"]
[BlackElo "1954"]
[PlyCount "115"]
[EventDate "2008.08.23"]
[EventType "swiss"]
[EventRounds "9"]
[EventCountry "CZE"]
[SourceTitle "CBM 126 Extra"]
[Source "ChessBase"]
[SourceDate "2008.11.05"]
[SourceVersion "1"]
[SourceVersionDate "2008.11.05"]
[SourceQuality "1"]

1. c4 Nf6 2. Nc3 g6 3. g3 Bg7 4. Bg2 0-0 5. d4 d6 6. Nf3 Re8 7. e4 b6 8. 0-0 Bb7 9. Re1 Nbd7 10. e5 dxe5 11. dxe5 Ng4 12. e6 fxe6 13. Rxe6 Nc5 14. Qe2 Qd7 15. Ng5 Bxg2 16. Kxg2 Nxe6 17. Nxe6 Bxc3 18. bxc3 Nf6 19. Bh6 Qc6+ 20. Kg1 Rac8 21. Re1 Rb8 22. g4 a6 23. h4 b5 24. h5 Qxc4 25. Qxc4 bxc4 26. Nxc7 Nxg4 27. Nxe8 Rxe8 28. Bg5 h6 29. f3 hxg5 30. fxg4 gxh5 31. gxh5 Kf7 32. Re5 Kf6 33. Rc5 Rd8 34. Rxc4 Rd1+ 35. Kg2 Rd2+ 36. Kg3 Rxa2 37. Rc6+ e6 38. h6 Re2 39. Rxa6 Re3+ 40. Kg2 Rxc3 41. h7 Rc8 42. Kg3 Kf5 43. Ra7 Rh8 44. Rf7+ Kg6 45. Re7 Rxh7 46. Rxe6+ Kf5 47. Re8 Rf7 48. Re1 Ra7 49. Rf1+ Kg6 50. Rf3 Kh5 51. Rd3 Ra4 52. Rc3 Rg4+ 53. Kh3 Rg1 54. Kh2 Rf1 55. Kg3 Rf5 56. Rc4 Ra5 57. Rc3 g4 58. Rd3 1/2-1/2